[Event "WCO2014"]
[Site "Tromso"]
[Date "2014.08.12"]
[Round "10.8"]
[WhiteID "5029295"]
[White "Padmini Rout"]
[BlackID "1304313"]
[Black "Stoeri Laura"]
[Result "1-0"]
[LiveChessVersion "1.4.3"]
[BlackElo "2123"]
[WhiteElo "2318"]

1. e4 {[%clk 1:30:56]} e5 {[%clk 1:30:54]} 2. Nf3 {[%clk 1:31:07]} Nc6
{[%clk 1:31:19]} 3. Bb5 {[%clk 1:31:28]} a6 {[%clk 1:31:43]} 4. Ba4
{[%clk 1:31:55]} Nf6 {[%clk 1:32:07]} 5. O-O {[%clk 1:32:20]} Be7
{[%clk 1:32:31]} 6. Re1 {[%clk 1:32:41]} b5 {[%clk 1:32:54]} 7. Bb3
{[%clk 1:33:09]} d6 {[%clk 1:33:16]} 8. c3 {[%clk 1:33:33]} O-O {[%clk 1:33:39]}
9. h3 {[%clk 1:33:59]} Na5 {[%clk 1:34:01]} 10. Bc2 {[%clk 1:34:23]} c5
{[%clk 1:34:26]} 11. d3 {[%clk 1:31:35]} Qc7 {[%clk 1:30:50]} 12. Nbd2
{[%clk 1:31:22]} h6 {[%clk 1:27:34]} 13. Nf1 {[%clk 1:29:25]} Be6
{[%clk 1:26:43]} 14. Ng3 {[%clk 1:26:52]} Rfc8 {[%clk 1:08:58]} 15. Nh4
{[%clk 1:22:07]} Bf8 {[%clk 1:02:02]} 16. Nhf5 {[%clk 1:05:11]} b4
{[%clk 0:50:26]} 17. c4 {[%clk 0:49:17]} Nc6 {[%clk 0:48:48]} 18. Ba4
{[%clk 0:47:52]} Nd4 {[%clk 0:37:02]} 19. Nxd4 {[%clk 0:47:54]} cxd4
{[%clk 0:37:22]} 20. f4 {[%clk 0:41:37]} exf4 {[%clk 0:33:00]} 21. Bxf4
{[%clk 0:31:09]} g5 {[%clk 0:33:15]} 22. Bd2 {[%clk 0:21:56]} d5 {[%clk 0:32:58]}
23. cxd5 {[%clk 0:17:24]} Bxd5 {[%clk 0:21:28]} 24. Qf3 {[%clk 0:12:20]} Be6
{[%clk 0:21:53]} 25. e5 {[%clk 0:10:39]} Nd7 {[%clk 0:09:26]} 26. Bxd7
{[%clk 0:07:22]} Bxd7 {[%clk 0:08:00]} 27. Nh5 {[%clk 0:07:45]} Be7
{[%clk 0:03:57]} 28. Rac1 {[%clk 0:04:23]} Qb6 {[%clk 0:03:37]} 29. Nf6+
{[%clk 0:02:57]} Bxf6 {[%clk 0:04:02]} 30. exf6 {[%clk 0:03:25]} Rxc1
{[%clk 0:02:40]} 31. Rxc1 {[%clk 0:03:44]} Re8 {[%clk 0:02:37]} 32. h4
{[%clk 0:01:52]} Qa5 {[%clk 0:01:23]} 33. Qh5 {[%clk 0:01:25]} Qf5
{[%clk 0:00:44]} 34. Qxh6 {[%clk 0:00:46]} Qg6 {[%clk 0:01:07]} 35. Qxg6+
{[%clk 0:00:59]} fxg6 {[%clk 0:01:34]} 36. Rc7 {[%clk 0:00:47]} Re2
{[%clk 0:00:44]} 37. Bxb4 {[%clk 0:00:39]} Rxb2 {[%clk 0:00:52]} 38. Bc5
{[%clk 0:00:52]} Rb1+ {[%clk 0:00:40]} 39. Kh2 {[%clk 0:01:15]} Rb5
{[%clk 0:00:37]} 40. hxg5 {[%clk 0:01:27]} 1-0

[Event "WCO2014"]
[Site "Tromso"]
[Date "2014.08.12"]
[Round "10.36"]
[WhiteID "309672"]
[White "Havlikova Kristyna"]
[BlackID "14201780"]
[Black "Kurbonboeva Sarvinoz"]
[Result "1-0"]
[LiveChessVersion "1.4.3"]
[BlackElo "2228"]
[WhiteElo "2215"]

1. e4 {[%clk 1:30:57]} c5 {[%clk 1:30:56]} 2. Nf3 {[%clk 1:31:23]} Nc6
{[%clk 1:31:17]} 3. d4 {[%clk 1:31:48]} cxd4 {[%clk 1:31:43]} 4. Nxd4
{[%clk 1:32:12]} g6 {[%clk 1:32:07]} 5. c4 {[%clk 1:32:34]} Nf6 {[%clk 1:32:27]}
6. Nc3 {[%clk 1:32:59]} d6 {[%clk 1:32:46]} 7. f3 {[%clk 1:33:23]} Nxd4
{[%clk 1:33:04]} 8. Qxd4 {[%clk 1:33:47]} Bg7 {[%clk 1:33:29]} 9. Be3
{[%clk 1:34:10]} O-O {[%clk 1:33:52]} 10. Qd2 {[%clk 1:34:36]} a5
{[%clk 1:33:55]} 11. Na4 {[%clk 1:34:59]} Nd7 {[%clk 1:26:05]} 12. Rd1
{[%clk 1:35:13]} b6 {[%clk 1:22:01]} 13. Be2 {[%clk 1:35:01]} Bb7
{[%clk 1:18:31]} 14. b3 {[%clk 1:34:51]} Nc5 {[%clk 1:17:58]} 15. Nc3
{[%clk 1:35:15]} Bc6 {[%clk 1:14:48]} 16. O-O {[%clk 1:30:46]} Ra7
{[%clk 1:05:01]} 17. Nd5 {[%clk 1:24:43]} Be5 {[%clk 0:54:42]} 18. Bg5
{[%clk 1:12:45]} Ne6 {[%clk 0:46:20]} 19. Bh6 {[%clk 1:13:07]} Re8
{[%clk 0:46:11]} 20. f4 {[%clk 1:05:39]} Bh8 {[%clk 0:38:45]} 21. Kh1
{[%clk 0:54:48]} Nc5 {[%clk 0:33:45]} 22. Bf3 {[%clk 0:46:50]} Rd7
{[%clk 0:28:45]} 23. Bg5 {[%clk 0:36:57]} b5 {[%clk 0:19:46]} 24. Qf2
{[%clk 0:26:44]} f6 {[%clk 0:16:41]} 25. Bh4 {[%clk 0:15:47]} e6 {[%clk 0:17:03]}
26. Nxf6+ {[%clk 0:13:54]} Bxf6 {[%clk 0:16:37]} 27. Bxf6 {[%clk 0:14:23]} Qc7
{[%clk 0:09:32]} 28. e5 {[%clk 0:10:15]} Bxf3 {[%clk 0:07:49]} 29. Qxf3
{[%clk 0:10:39]} dxe5 {[%clk 0:05:12]} 30. Bxe5 {[%clk 0:10:58]} Qb6
{[%clk 0:05:34]} 31. Rxd7 {[%clk 0:07:48]} Nxd7 {[%clk 0:06:02]} 32. Ba1
{[%clk 0:08:14]} b4 {[%clk 0:04:50]} 33. Rd1 {[%clk 0:08:02]} Qc7
{[%clk 0:02:12]} 34. Qd3 {[%clk 0:06:07]} Re7 {[%clk 0:01:56]} 35. Qd4
{[%clk 0:05:59]} Nf8 {[%clk 0:01:52]} 36. Qh8+ {[%clk 0:04:58]} Kf7
{[%clk 0:02:21]} 37. Bg7 {[%clk 0:04:38]} Qc8 {[%clk 0:01:34]} 38. Bh6
{[%clk 0:03:59]} 1-0

[Event "WCO2014"]
[Site "Tromso"]
[Date "2014.08.12"]
[Round "10.35"]
[WhiteID "14201437"]
[White "Gevorgyan Irina"]
[BlackID "320242"]
[Black "Olsarova Karolina"]
[Result "1-0"]
[LiveChessVersion "1.4.3"]
[BlackElo "2237"]
[WhiteElo "2141"]

1. d4 {[%clk 1:30:57]} d5 {[%clk 1:30:51]} 2. c4 {[%clk 1:31:22]} c6
{[%clk 1:31:17]} 3. Nf3 {[%clk 1:31:48]} Nf6 {[%clk 1:31:42]} 4. e3
{[%clk 1:32:10]} a6 {[%clk 1:31:56]} 5. Bd3 {[%clk 1:32:30]} Bg4 {[%clk 1:31:30]}
6. Nbd2 {[%clk 1:32:39]} e6 {[%clk 1:27:12]} 7. O-O {[%clk 1:32:00]} Nbd7
{[%clk 1:25:28]} 8. b3 {[%clk 1:31:20]} Bd6 {[%clk 1:22:46]} 9. Bb2
{[%clk 1:31:32]} O-O {[%clk 1:22:25]} 10. Qc2 {[%clk 1:31:45]} Qb8
{[%clk 1:13:44]} 11. h3 {[%clk 1:27:45]} Bh5 {[%clk 1:12:17]} 12. Rfe1
{[%clk 1:27:23]} Re8 {[%clk 1:09:01]} 13. c5 {[%clk 1:24:39]} Bc7
{[%clk 1:06:25]} 14. b4 {[%clk 1:24:56]} Bg6 {[%clk 1:02:12]} 15. Bxg6
{[%clk 1:17:02]} hxg6 {[%clk 1:02:14]} 16. Rab1 {[%clk 1:17:22]} e5
{[%clk 0:58:17]} 17. e4 {[%clk 1:04:25]} dxe4 {[%clk 0:37:37]} 18. Nxe4
{[%clk 1:04:34]} exd4 {[%clk 0:36:50]} 19. Bxd4 {[%clk 1:04:11]} Nxe4
{[%clk 0:29:35]} 20. Rxe4 {[%clk 1:04:31]} Nf6 {[%clk 0:29:44]} 21. Bxf6
{[%clk 0:45:30]} Rxe4 {[%clk 0:25:16]} 22. Qxe4 {[%clk 0:41:01]} gxf6
{[%clk 0:25:41]} 23. Re1 {[%clk 0:40:29]} Qd8 {[%clk 0:24:33]} 24. h4
{[%clk 0:37:24]} Qd7 {[%clk 0:17:21]} 25. h5 {[%clk 0:34:09]} gxh5
{[%clk 0:16:42]} 26. Nd4 {[%clk 0:22:03]} Qg4 {[%clk 0:12:31]} 27. Qxg4+
{[%clk 0:19:18]} hxg4 {[%clk 0:13:00]} 28. g3 {[%clk 0:19:25]} Be5
{[%clk 0:11:23]} 29. Nf5 {[%clk 0:19:15]} Rd8 {[%clk 0:06:32]} 30. Re4
{[%clk 0:19:24]} Rd2 {[%clk 0:05:57]} 31. Rxg4+ {[%clk 0:19:35]} Kf8
{[%clk 0:05:35]} 32. a4 {[%clk 0:18:28]} Rb2 {[%clk 0:04:50]} 33. Rh4
{[%clk 0:15:35]} Ke8 {[%clk 0:04:40]} 34. Rc4 {[%clk 0:15:46]} Rd2
{[%clk 0:03:02]} 35. f4 {[%clk 0:11:40]} Bb8 {[%clk 0:02:17]} 36. Re4+
{[%clk 0:11:49]} Kd8 {[%clk 0:02:32]} 37. a5 {[%clk 0:09:52]} Rd5
{[%clk 0:01:42]} 38. Nh6 {[%clk 0:09:55]} Rd7 {[%clk 0:01:36]} 39. Kf2
{[%clk 0:09:35]} Re7 {[%clk 0:01:26]} 40. Rd4+ {[%clk 0:09:11]} Kc8
{[%clk 0:00:52]} 41. Ng4 {[%clk 0:03:38]} Re6 {[%clk 0:28:51]} 42. Nh6
{[%clk 0:31:36]} Re7 {[%clk 0:29:05]} 43. Kf3 {[%clk 0:31:41]} Bc7
{[%clk 0:15:23]} 44. Kg4 {[%clk 0:31:09]} Re3 {[%clk 0:15:26]} 45. Nxf7
{[%clk 0:30:12]} Rb3 {[%clk 0:15:28]} 46. Nh6 {[%clk 0:24:09]} Bd8
{[%clk 0:15:22]} 47. Nf5 {[%clk 0:24:27]} Kc7 {[%clk 0:15:13]} 48. Kh5
{[%clk 0:24:05]} Rb1 {[%clk 0:15:37]} 49. Kg6 {[%clk 0:20:48]} Rg1
{[%clk 0:15:51]} 50. Kf7 {[%clk 0:21:09]} Rg2 {[%clk 0:15:19]} 51. Ng7
{[%clk 0:21:15]} Kc8 {[%clk 0:15:21]} 52. Ne6 {[%clk 0:20:58]} Bc7
{[%clk 0:15:38]} 53. Nxc7 {[%clk 0:21:13]} Kxc7 {[%clk 0:16:06]} 54. Kxf6
{[%clk 0:21:35]} 1-0

[Event "WCO2014"]
[Site "Tromso"]
[Date "2014.08.12"]
[Round "10.34"]
[WhiteID "307033"]
[White "Sikorova Olga"]
[BlackID "14202182"]
[Black "Baymuradova Sevara"]
[Result "1/2-1/2"]
[LiveChessVersion "1.4.3"]
[BlackElo "2127"]
[WhiteElo "2289"]

1. e4 {[%clk 1:30:55]} c5 {[%clk 1:30:44]} 2. Nf3 {[%clk 1:30:59]} d6
{[%clk 1:30:06]} 3. d4 {[%clk 1:28:26]} cxd4 {[%clk 1:30:31]} 4. Nxd4
{[%clk 1:28:46]} Nf6 {[%clk 1:30:57]} 5. Nc3 {[%clk 1:28:35]} Nc6
{[%clk 1:31:15]} 6. Bg5 {[%clk 1:23:47]} Bd7 {[%clk 1:31:24]} 7. Qd2
{[%clk 1:22:44]} Rc8 {[%clk 1:31:44]} 8. O-O-O {[%clk 1:21:19]} Nxd4
{[%clk 1:32:00]} 9. Qxd4 {[%clk 1:21:43]} Qa5 {[%clk 1:32:27]} 10. Bd2
{[%clk 1:17:48]} e5 {[%clk 1:26:54]} 11. Qd3 {[%clk 1:15:04]} a6 {[%clk 1:18:00]}
12. Kb1 {[%clk 1:11:15]} Qc7 {[%clk 1:17:00]} 13. f3 {[%clk 0:51:36]} b5
{[%clk 1:16:11]} 14. a3 {[%clk 0:33:28]} Be6 {[%clk 1:15:31]} 15. Be3
{[%clk 0:27:04]} Be7 {[%clk 1:07:01]} 16. g4 {[%clk 0:27:05]} O-O
{[%clk 0:48:18]} 17. g5 {[%clk 0:18:36]} Nd7 {[%clk 0:48:20]} 18. h4
{[%clk 0:17:05]} Nb6 {[%clk 0:44:56]} 19. Bxb6 {[%clk 0:15:06]} Qxb6
{[%clk 0:45:24]} 20. Nd5 {[%clk 0:12:02]} Bxd5 {[%clk 0:45:33]} 21. Qxd5
{[%clk 0:12:25]} Rc5 {[%clk 0:44:56]} 22. Qb3 {[%clk 0:10:42]} Rfc8
{[%clk 0:40:52]} 23. Rh2 {[%clk 0:11:01]} a5 {[%clk 0:38:54]} 24. a4
{[%clk 0:10:33]} b4 {[%clk 0:37:45]} 25. Rg2 {[%clk 0:09:32]} Qd8
{[%clk 0:30:53]} 26. Bd3 {[%clk 0:07:53]} Qd7 {[%clk 0:24:48]} 27. Rdg1
{[%clk 0:05:02]} g6 {[%clk 0:22:29]} 28. Rg4 {[%clk 0:02:54]} Qe6
{[%clk 0:17:37]} 29. f4 {[%clk 0:01:27]} exf4 {[%clk 0:16:33]} 30. Qxe6
{[%clk 0:01:07]} fxe6 {[%clk 0:16:55]} 31. Rxf4 {[%clk 0:01:34]} Rf8
{[%clk 0:16:37]} 32. Rgf1 {[%clk 0:01:22]} Rxf4 {[%clk 0:15:25]} 33. Rxf4
{[%clk 0:02:20]} Re5 {[%clk 0:14:27]} 34. c3 {[%clk 0:01:42]} bxc3
{[%clk 0:14:26]} 35. bxc3 {[%clk 0:02:10]} Kg7 {[%clk 0:14:33]} 36. Kc2
{[%clk 0:01:48]} h6 {[%clk 0:14:43]} 37. gxh6+ {[%clk 0:01:24]} Kxh6
{[%clk 0:15:11]} 38. Be2 {[%clk 0:00:54]} d5 {[%clk 0:09:46]} 39. Kd3
{[%clk 0:01:03]} dxe4+ {[%clk 0:06:13]} 40. Rxe4 {[%clk 0:00:51]} Rxe4
{[%clk 0:04:30]} 41. Kxe4 {[%clk 0:01:20]} Kg7 {[%clk 0:03:32]} 42. h5
{[%clk 0:29:02]} gxh5 {[%clk 0:34:16]} 43. Bxh5 {[%clk 0:29:31]} Kf6
{[%clk 0:32:09]} 1/2-1/2

[Event "WCO2014"]
[Site "Tromso"]
[Date "2014.08.12"]
[Round "10.33"]
[WhiteID "14201771"]
[White "Kakhramonova Mokhinur"]
[BlackID "325449"]
[Black "Olsarova Tereza"]
[Result "0-1"]
[LiveChessVersion "1.4.3"]
[BlackElo "2271"]
[WhiteElo "2044"]

1. e4 {[%clk 1:31:00]} e5 {[%clk 1:30:58]} 2. Nf3 {[%clk 1:31:24]} Nc6
{[%clk 1:31:09]} 3. Bc4 {[%clk 1:31:46]} Nf6 {[%clk 1:31:20]} 4. d3
{[%clk 1:31:53]} Bc5 {[%clk 1:31:35]} 5. O-O {[%clk 1:32:06]} O-O
{[%clk 1:31:29]} 6. Nbd2 {[%clk 1:32:19]} a6 {[%clk 1:30:28]} 7. c3
{[%clk 1:31:24]} d6 {[%clk 1:27:38]} 8. Bb3 {[%clk 1:27:11]} Ba7 {[%clk 1:27:34]}
9. h3 {[%clk 1:26:12]} Qe7 {[%clk 1:23:01]} 10. Nc4 {[%clk 1:23:55]} h6
{[%clk 1:20:28]} 11. Ne3 {[%clk 1:21:22]} Qd8 {[%clk 1:14:38]} 12. Nh4
{[%clk 1:07:56]} Na5 {[%clk 1:10:36]} 13. Nef5 {[%clk 1:02:31]} Nxb3
{[%clk 1:10:00]} 14. axb3 {[%clk 1:02:52]} Kh8 {[%clk 1:06:10]} 15. Qf3
{[%clk 0:55:02]} Ng8 {[%clk 1:06:07]} 16. Qg3 {[%clk 0:48:15]} Qf6
{[%clk 1:05:16]} 17. Kh1 {[%clk 0:47:09]} g5 {[%clk 1:02:57]} 18. Nf3
{[%clk 0:42:54]} Bxf5 {[%clk 1:02:21]} 19. exf5 {[%clk 0:43:21]} Qxf5
{[%clk 1:02:30]} 20. Ra4 {[%clk 0:34:11]} Qxd3 {[%clk 1:00:14]} 21. Re1
{[%clk 0:27:44]} Rae8 {[%clk 0:55:07]} 22. Bxg5 {[%clk 0:19:10]} hxg5
{[%clk 0:51:25]} 23. Qxg5 {[%clk 0:19:27]} Qg6 {[%clk 0:50:59]} 24. Qh4+
{[%clk 0:18:56]} Qh7 {[%clk 0:42:46]} 25. Qg3 {[%clk 0:16:39]} e4
{[%clk 0:39:09]} 26. Ng5 {[%clk 0:16:02]} Qg6 {[%clk 0:39:13]} 27. Rexe4
{[%clk 0:09:35]} Rxe4 {[%clk 0:39:28]} 28. Rxe4 {[%clk 0:10:04]} Nh6
{[%clk 0:38:05]} 29. Qf4 {[%clk 0:01:38]} Rg8 {[%clk 0:35:36]} 0-1

[Event "WCO2014"]
[Site "Tromso"]
[Date "2014.08.12"]
[Round "10.9"]
[WhiteID "12401676"]
[White "Nguyen Thi Mai Hung"]
[BlackID "2012782"]
[Black "Krush Irina"]
[Result "1/2-1/2"]
[LiveChessVersion "1.4.3"]
[BlackElo "2474"]
[WhiteElo "2307"]

1. d4 {[%clk 1:30:53]} Nf6 {[%clk 1:30:51]} 2. Nf3 {[%clk 1:30:48]} e6
{[%clk 1:31:10]} 3. Bf4 {[%clk 1:29:34]} d5 {[%clk 1:31:06]} 4. e3
{[%clk 1:29:47]} c5 {[%clk 1:31:28]} 5. c3 {[%clk 1:29:44]} Nc6 {[%clk 1:30:11]}
6. Nbd2 {[%clk 1:30:01]} Bd6 {[%clk 1:29:43]} 7. Bg3 {[%clk 1:29:33]} Bxg3
{[%clk 1:23:30]} 8. hxg3 {[%clk 1:30:00]} Qd6 {[%clk 1:23:34]} 9. Bb5
{[%clk 1:29:37]} Bd7 {[%clk 1:17:59]} 10. Qe2 {[%clk 1:25:16]} a6
{[%clk 1:12:18]} 11. Bxc6 {[%clk 1:24:31]} Bxc6 {[%clk 1:12:11]} 12. Ne5
{[%clk 1:24:29]} h6 {[%clk 1:01:43]} 13. g4 {[%clk 1:20:51]} Nd7 {[%clk 0:58:12]}
14. f4 {[%clk 1:14:47]} Bb5 {[%clk 0:51:53]} 15. Qf3 {[%clk 1:14:36]} Nxe5
{[%clk 0:50:37]} 16. dxe5 {[%clk 1:14:28]} Qe7 17. g5 {[%clk 1:11:54]} O-O-O
{[%clk 0:49:03]} 18. gxh6 {[%clk 1:11:51]} Rxh6 {[%clk 0:48:10]} 19. Rxh6
{[%clk 1:11:47]} gxh6 {[%clk 0:48:33]} 20. O-O-O {[%clk 1:11:23]} Bd3
{[%clk 0:43:48]} 21. Rh1 {[%clk 1:04:25]} Qd7 {[%clk 0:40:25]} 22. b3
{[%clk 0:58:06]} Qb5 {[%clk 0:37:28]} 23. Kb2 {[%clk 0:53:47]} Be2
{[%clk 0:29:52]} 24. Qf2 {[%clk 0:52:41]} Qd3 {[%clk 0:29:22]} 25. Nf3
{[%clk 0:51:18]} Bxf3 {[%clk 0:28:56]} 26. gxf3 {[%clk 0:51:39]} Rh8
{[%clk 0:21:41]} 27. Rh2 {[%clk 0:48:15]} h5 {[%clk 0:20:02]} 28. e4
{[%clk 0:37:57]} dxe4 {[%clk 0:17:10]} 29. fxe4 {[%clk 0:37:54]} Qxe4
{[%clk 0:15:13]} 30. Qxc5+ {[%clk 0:38:16]} Kb8 {[%clk 0:15:39]} 31. Qd6+
{[%clk 0:37:10]} Ka8 {[%clk 0:16:01]} 32. Qd4 {[%clk 0:37:25]} Qf3
{[%clk 0:15:34]} 33. Qf2 {[%clk 0:37:21]} Qxf2+ {[%clk 0:13:28]} 34. Rxf2
{[%clk 0:37:49]} h4 {[%clk 0:13:48]} 35. Rh2 {[%clk 0:36:24]} h3 {[%clk 0:14:07]}
36. Kc2 {[%clk 0:36:43]} Rh4 {[%clk 0:06:40]} 37. Kd3 {[%clk 0:36:55]} Rxf4
{[%clk 0:06:51]} 38. Rxh3 {[%clk 0:37:23]} Kb8 {[%clk 0:06:30]} 39. Ke3
{[%clk 0:34:20]} Rf5 {[%clk 0:06:53]} 40. Ke4 {[%clk 0:33:34]} Rg5
{[%clk 0:06:19]} 41. Rh7 {[%clk 0:30:58]} 1/2-1/2

[Event "WCO2014"]
[Site "Tromso"]
[Date "2014.08.12"]
[Round "10.10"]
[WhiteID "14101572"]
[White "Zatonskih Anna"]
[BlackID "12401455"]
[Black "Hoang Thi Nhu Y"]
[Result "1-0"]
[LiveChessVersion "1.4.3"]
[BlackElo "2269"]
[WhiteElo "2466"]

1. d4 {[%clk 1:30:57]} d5 {[%clk 1:29:31]} 2. c4 {[%clk 1:31:22]} c6
{[%clk 1:29:48]} 3. Nf3 {[%clk 1:31:46]} Nf6 {[%clk 1:27:27]} 4. Nc3
{[%clk 1:32:10]} e6 {[%clk 1:27:37]} 5. e3 {[%clk 1:32:05]} Nbd7 {[%clk 1:26:17]}
6. Bd3 {[%clk 1:31:12]} Bd6 {[%clk 1:23:04]} 7. e4 {[%clk 1:29:00]} dxe4
{[%clk 1:22:32]} 8. Nxe4 {[%clk 1:29:22]} Nxe4 {[%clk 1:20:59]} 9. Bxe4
{[%clk 1:29:49]} Qc7 {[%clk 1:13:28]} 10. O-O {[%clk 1:07:26]} Bf4
{[%clk 1:00:02]} 11. Re1 {[%clk 0:57:46]} Bxc1 {[%clk 0:56:22]} 12. Rxc1
{[%clk 0:57:33]} O-O {[%clk 0:53:32]} 13. c5 {[%clk 0:48:09]} Nf6
{[%clk 0:53:18]} 14. Bb1 {[%clk 0:48:24]} b5 {[%clk 0:48:17]} 15. Ne5
{[%clk 0:40:53]} Rd8 {[%clk 0:46:26]} 16. Rc3 {[%clk 0:37:46]} Bd7
{[%clk 0:44:56]} 17. Rf3 {[%clk 0:25:12]} Be8 {[%clk 0:41:27]} 18. Qd3
{[%clk 0:24:31]} Qa5 {[%clk 0:26:59]} 19. Rf1 {[%clk 0:09:54]} Qb4
{[%clk 0:18:52]} 20. Rf4 {[%clk 0:10:01]} h5 {[%clk 0:17:37]} 21. g4
{[%clk 0:08:46]} hxg4 {[%clk 0:13:21]} 22. Nxg4 {[%clk 0:09:15]} Kf8
{[%clk 0:12:57]} 23. Nxf6 {[%clk 0:08:11]} gxf6 {[%clk 0:13:26]} 24. Qh7
{[%clk 0:07:41]} f5 {[%clk 0:13:11]} 25. Qh4 {[%clk 0:06:36]} Qd2
{[%clk 0:12:34]} 26. Bxf5 {[%clk 0:06:10]} exf5 {[%clk 0:07:50]} 27. Qh6+
{[%clk 0:06:02]} Ke7 {[%clk 0:08:04]} 28. Re4+ {[%clk 0:06:27]} fxe4
{[%clk 0:08:31]} 29. Qxd2 {[%clk 0:06:54]} f6 {[%clk 0:08:40]} 30. f3
{[%clk 0:06:31]} Bg6 {[%clk 0:08:45]} 31. Kh1 {[%clk 0:03:31]} Kf7
{[%clk 0:02:15]} 32. Qf4 {[%clk 0:02:39]} Re8 {[%clk 0:01:40]} 33. Qc7+
{[%clk 0:02:13]} Re7 {[%clk 0:02:05]} 34. Qxc6 {[%clk 0:02:27]} Rd8
{[%clk 0:00:38]} 35. d5 {[%clk 0:01:13]} Bf5 {[%clk 0:00:37]} 36. d6
{[%clk 0:01:11]} Re5 {[%clk 0:01:05]} 37. f4 {[%clk 0:01:05]} Ree8
{[%clk 0:01:16]} 38. Qd5+ {[%clk 0:01:01]} Be6 {[%clk 0:01:43]} 39. Qh5+
{[%clk 0:01:10]} Kf8 {[%clk 0:02:03]} 40. Qh6+ {[%clk 0:01:07]} Kf7
{[%clk 0:02:29]} 41. Qh7+ {[%clk 0:01:18]} Kf8 {[%clk 0:02:55]} 42. Rg1 1-0

[Event "WCO2014"]
[Site "Tromso"]
[Date "2014.08.12"]
[Round "10.11"]
[WhiteID "12401013"]
[White "Luong Phuong Hanh"]
[BlackID "13301918"]
[Black "Abrahamyan Tatev"]
[Result "0-1"]
[LiveChessVersion "1.4.3"]
[BlackElo "2366"]
[WhiteElo "2171"]

1. Nf3 {[%clk 1:30:57]} c5 {[%clk 1:30:38]} 2. g3 {[%clk 1:31:22]} Nc6
{[%clk 1:30:33]} 3. d4 {[%clk 1:31:47]} cxd4 {[%clk 1:29:31]} 4. Nxd4
{[%clk 1:32:10]} Nf6 {[%clk 1:29:07]} 5. Bg2 {[%clk 1:32:33]} e6 {[%clk 1:28:43]}
6. O-O {[%clk 1:32:43]} d5 {[%clk 1:28:07]} 7. c4 {[%clk 1:31:34]} Bc5
{[%clk 1:25:44]} 8. Nb3 {[%clk 1:26:02]} Bb6 {[%clk 1:15:20]} 9. cxd5
{[%clk 1:23:50]} Nxd5 {[%clk 1:13:15]} 10. e4 {[%clk 1:24:07]} Ndb4
{[%clk 1:09:14]} 11. Bd2 {[%clk 1:11:53]} O-O {[%clk 1:02:36]} 12. a3
{[%clk 1:11:50]} Nd3 {[%clk 1:00:10]} 13. Qc2 {[%clk 1:09:18]} Nce5
{[%clk 0:52:44]} 14. Nc3 {[%clk 1:06:01]} Bd7 {[%clk 0:40:43]} 15. Be1
{[%clk 0:59:05]} Rc8 {[%clk 0:33:41]} 16. Qe2 {[%clk 0:57:56]} Qc7
{[%clk 0:21:36]} 17. Rd1 {[%clk 0:54:55]} Nxe1 {[%clk 0:21:43]} 18. Rfxe1
{[%clk 0:54:56]} Rfd8 {[%clk 0:22:02]} 19. Nc1 {[%clk 0:35:35]} Nc4
{[%clk 0:20:36]} 20. Rd3 {[%clk 0:28:19]} Be8 {[%clk 0:15:44]} 21. e5
{[%clk 0:23:04]} Rxd3 {[%clk 0:13:35]} 22. Nxd3 {[%clk 0:23:22]} Nxb2
{[%clk 0:12:08]} 23. Nxb2 {[%clk 0:13:35]} Qxc3 {[%clk 0:12:32]} 24. Bxb7
{[%clk 0:13:52]} Rb8 {[%clk 0:09:52]} 25. Nd1 {[%clk 0:12:36]} Qxa3
{[%clk 0:10:02]} 26. Be4 {[%clk 0:12:24]} Ba5 {[%clk 0:09:12]} 27. Qa6
{[%clk 0:05:00]} Qb4 {[%clk 0:08:43]} 28. Re3 {[%clk 0:04:03]} Bb6
{[%clk 0:07:44]} 29. Qd3 {[%clk 0:01:40]} Bxe3 {[%clk 0:07:02]} 30. Nxe3
{[%clk 0:01:41]} h6 {[%clk 0:06:37]} 31. Qc2 {[%clk 0:01:01]} a5 {[%clk 0:06:02]}
32. Nd1 {[%clk 0:01:05]} Ba4 {[%clk 0:05:27]} 0-1

[Event "WCO2014"]
[Site "Tromso"]
[Date "2014.08.12"]
[Round "10.12"]
[WhiteID "1212915"]
[White "Foisor Sabina-Francesca"]
[BlackID "12401226"]
[Black "Pham Le Thao Nguyen"]
[Result "0-1"]
[LiveChessVersion "1.4.3"]
[BlackElo "2331"]
[WhiteElo "2252"]

1. d4 {[%clk 1:30:54]} d5 {[%clk 1:30:45]} 2. c4 {[%clk 1:31:18]} c6
{[%clk 1:31:02]} 3. Nf3 {[%clk 1:31:40]} Nf6 {[%clk 1:31:16]} 4. e3
{[%clk 1:32:04]} Bf5 {[%clk 1:30:42]} 5. Nc3 {[%clk 1:32:04]} e6 {[%clk 1:30:53]}
6. Nh4 {[%clk 1:32:21]} Bg6 {[%clk 1:30:46]} 7. Bd2 {[%clk 1:30:25]} Nbd7
{[%clk 1:29:56]} 8. Nxg6 {[%clk 1:29:50]} hxg6 {[%clk 1:30:09]} 9. Qc2
{[%clk 1:30:14]} Be7 {[%clk 1:26:26]} 10. O-O-O {[%clk 1:30:10]} a6
{[%clk 1:17:58]} 11. Kb1 {[%clk 1:29:00]} b5 {[%clk 1:06:54]} 12. cxd5
{[%clk 1:22:29]} cxd5 {[%clk 1:05:24]} 13. f3 {[%clk 1:13:53]} Nb6
{[%clk 1:01:13]} 14. Bc1 {[%clk 1:02:31]} Rc8 {[%clk 0:56:58]} 15. Qb3
{[%clk 0:59:11]} Nc4 {[%clk 0:52:46]} 16. Ne2 {[%clk 0:54:45]} Qc7
{[%clk 0:47:05]} 17. g3 {[%clk 0:48:57]} g5 {[%clk 0:37:43]} 18. Bg2
{[%clk 0:43:36]} Qb7 {[%clk 0:33:48]} 19. g4 {[%clk 0:38:07]} a5 {[%clk 0:19:15]}
20. Nc3 {[%clk 0:30:49]} Bb4 {[%clk 0:17:47]} 21. Rd3 {[%clk 0:26:59]} Qc6
{[%clk 0:15:17]} 22. Ne2 {[%clk 0:23:50]} Bd6 {[%clk 0:11:25]} 23. h3
{[%clk 0:19:48]} a4 {[%clk 0:09:00]} 24. Qd1 {[%clk 0:20:11]} Nd7
{[%clk 0:06:20]} 25. e4 {[%clk 0:19:18]} Ndb6 {[%clk 0:06:06]} 26. f4
{[%clk 0:13:51]} gxf4 {[%clk 0:02:38]} 27. e5 {[%clk 0:13:38]} Be7
{[%clk 0:02:43]} 28. Nxf4 {[%clk 0:13:43]} b4 {[%clk 0:02:24]} 29. Rf1
{[%clk 0:12:34]} g6 {[%clk 0:02:12]} 30. Rdf3 {[%clk 0:12:02]} Rh7
{[%clk 0:01:34]} 31. Nd3 {[%clk 0:12:05]} Qb5 {[%clk 0:01:21]} 32. g5
{[%clk 0:10:33]} b3 {[%clk 0:01:08]} 33. a3 {[%clk 0:09:06]} Na5 {[%clk 0:01:17]}
34. Bd2 {[%clk 0:08:39]} Rc2 {[%clk 0:01:04]} 35. R1f2 {[%clk 0:06:50]} Nc6
{[%clk 0:01:15]} 36. Be3 {[%clk 0:05:06]} Nc4 {[%clk 0:01:32]} 37. Rxc2
{[%clk 0:03:34]} bxc2+ {[%clk 0:01:57]} 38. Kxc2 {[%clk 0:03:53]} Qb3+
{[%clk 0:01:29]} 39. Kc1 {[%clk 0:04:22]} Nxe3 {[%clk 0:01:48]} 40. Qd2
{[%clk 0:01:47]} Nxg2 {[%clk 0:01:17]} 41. Qxg2 {[%clk 0:01:03]} Nxd4
{[%clk 0:01:30]} 42. Rg3 {[%clk 0:00:43]} Nf5 {[%clk 0:01:41]} 43. Rf3
{[%clk 0:25:36]} Nh4 {[%clk 0:30:30]} 0-1